Statistiche per Monumenti e luoghi di interesse - Campania

Clicka qui per fare il quiz!

Statistiche generali

  • Questo quiz è stato fatto 59 volte
  • Il punteggio medio è 10 su 17

Statistiche sulle risposte

Risposta% Corretto
Pompei
100%
Vesuvio
90%
Reggia di Caserta
85%
Paestum
77%
Capri
72%
Quartieri Spagnoli
69%
Castel Nuovo/Maschio Angioino
67%
Piazza del Plebiscito
67%
Ischia
62%
Castel dell'Ovo
56%
Positano
56%
Duomo
51%
Galleria Umberto I
46%
Cappella di San Severo/Cristo Velato
41%
Chiostro di Santa Chiara
38%
Reggia di Capodimonte
33%
Castel Sant'Elmo
31%

Distribuzione punteggi

Percentile per numero di risposta

Percentuale di utenti per punteggio

I tuoi punteggi nel tempo

Non hai fatto questo quiz